Estadísticas para Copa Mundial de la FIFA 2018 - Equipos de la Final 8

Haz click aquí para intentar la prueba.

Estadísticas generales

  • Esta prueba ha sido intentada 121 veces
  • La puntuación promedio es 7 de 8

Estadísticas de respuestas

país% Correcto
Francia
99%
Croacia
92%
Bélgica
88%
Inglaterra
87%
Brasil
85%
Rusia
79%
Uruguay
74%
Suecia
54%

Distribución de puntuación

Porcentaje por número respondido

Porcentaje de gente con cada puntuación

Historial de tus puntuaciones

No has intentado esta prueba.